[Event "Valle d'Aosta op 14th"]
[Site "Saint Vincent"]
[Date "2006.10.07"]
[Round "8"]
[White "Trifunovic, Dusan"]
[Black "Roversi, Stefano"]
[Result "1-0"]
[WhiteElo "1985"]
[BlackElo "1862"]
[PlyCount "113"]
[EventDate "2006.09.30"]
[EventType "swiss"]
[EventRounds "9"]
[EventCountry "ITA"]
[SourceTitle "CBM 114 Extra"]
[Source "ChessBase"]
[SourceDate "2006.11.03"]
[SourceVersion "1"]
[SourceVersionDate "2006.11.03"]
[SourceQuality "1"]

1. e4 c5 2. c3 d5 3. exd5 Qxd5 4. d4 Nf6 5. Nf3 Bg4 6. Be2 e6 7. h3 Bh5 8. Be3 cxd4 9. Qxd4 Nc6 10. Qa4 Be7 11. Nbd2 0-0 12. Rd1 Qa5 13. Qxa5 Nxa5 14. Ne5 Bxe2 15. Kxe2 Rfd8 16. b4 Nc6 17. Nxc6 bxc6 18. Nb3 Nd5 19. Rc1 Bf6 20. Bd2 Rab8 21. a3 Nb6 22. Na5 Rbc8 23. Rhd1 Rd5 24. c4 Re5+ 25. Be3 Bg5 26. Rc3 Na4 27. Rb3 f5 28. Kf1 Bxe3 29. Rxe3 Rxe3 30. fxe3 Rc7 31. c5 Nc3 32. Rd6 Kf7 33. Rxc6 Rxc6 34. Nxc6 Nb5 35. a4 Nc3 36. Ke1 Nxa4 37. Nxa7 Ke7 38. Kd2 Kd7 39. Kc2 g5 40. Kb3 Nxc5+ 41. bxc5 h5 42. h4 gxh4 43. Kc3 e5 44. Kd3 f4 45. exf4 exf4 46. Ke4 Kc7 47. Kxf4 Kb7 48. Nb5 Kc6 49. Nd4+ Kxc5 50. Nf5 h3 51. gxh3 Kd5 52. Kg5 Ke6 53. Kg6 Ke5 54. Ne3 h4 55. Ng2 Ke4 56. Nxh4 Kf4 57. Nf5 1-0

[Event "Wch Seniors 16th"]
[Site "Arvier"]
[Date "2006.09.13"]
[Round "3"]
[White "Veselsky, Jozef"]
[Black "Trifunovic, Dusan"]
[Result "1-0"]
[WhiteElo "2169"]
[BlackElo "1985"]
[PlyCount "83"]
[EventDate "2006.09.11"]
[EventType "swiss"]
[EventRounds "11"]
[EventCountry "ITA"]
[SourceTitle "CBM 114 Extra"]
[Source "ChessBase"]
[SourceDate "2006.11.03"]
[SourceVersion "1"]
[SourceVersionDate "2006.11.03"]
[SourceQuality "1"]

1. d4 d5 2. Nf3 Nc6 3. c4 e5 4. cxd5 Qxd5 5. Nc3 Bb4 6. Bd2 Bxc3 7. Bxc3 exd4 8. Nxd4 Nxd4 9. Bxd4 f6 10. e3 Bd7 11. Be2 Bc6 12. Bf3 Qe6 13. 0-0 Ne7 14. Bc5 Bxf3 15. Qxf3 Qd5 16. Rac1 Qxf3 17. gxf3 Nc6 18. Rfd1 Rd8 19. b4 a6 20. a4 Ne5 21. Rxd8+ Kxd8 22. f4 Nd7 23. Bd4 Nb6 24. b5 axb5 25. axb5 Nd5 26. Ra1 Kd7 27. Kg2 Rb8 28. Kf3 b6 29. e4 Ne7 30. Rg1 Rg8 31. h4 Ke6 32. Ke3 g6 33. Rc1 Rc8 34. f3 c5 35. bxc6 f5 36. c7 Kd7 37. Bxb6 Ra8 38. Rc3 Ra6 39. c8Q+ Nxc8 40. Rc7+ Kd6 41. e5+ Ke6 42. Bc5 1-0

[Event "Reykjavik op 22nd"]
[Site "Reykjavik"]
[Date "2006.03.10"]
[Round "5"]
[White "Ragnarsson, Johann Hjortur"]
[Black "Trifunovic, Dusan"]
[Result "1/2-1/2"]
[WhiteElo "2134"]
[BlackElo "2012"]
[PlyCount "108"]
[EventDate "2006.03.06"]
[EventType "swiss"]
[EventRounds "9"]
[EventCountry "ISL"]
[SourceTitle "CBM 111 Extra"]
[Source "ChessBase"]
[SourceDate "2006.05.09"]
[SourceVersion "1"]
[SourceVersionDate "2006.05.09"]
[SourceQuality "1"]

1. d4 Nf6 2. c4 e5 3. dxe5 Ne4 4. Nf3 b6 5. Nbd2 Bb4 6. a3 Bxd2+ 7. Nxd2 Bb7 8. Nxe4 Bxe4 9. Qd4 Bg6 10. e6 0-0 11. exd7 Nxd7 12. Bf4 c5 13. Qd6 Bc2 14. g3 Qf6 15. Qxf6 Nxf6 16. Rc1 Be4 17. f3 Bc6 18. Bh3 Rfe8 19. Kf2 Rad8 20. Rhd1 Ba4 21. Rxd8 Rxd8 22. Rc3 Kf8 23. b3 Bd7 24. Bc7 Rc8 25. Bd6+ Ke8 26. Re3+ Be6 27. Bxe6 fxe6 28. Be5 Ke7 29. Bxf6+ gxf6 30. Rd3 a6 31. e4 b5 32. f4 bxc4 33. bxc4 Rb8 34. e5 Rb2+ 35. Kf3 fxe5 36. fxe5 a5 37. Rd6 Rxh2 38. Rc6 Ra2 39. Rc7+ Kf8 40. Rxc5 Rxa3+ 41. Kf4 h5 42. Rc7 Rc3 43. c5 a4 44. c6 a3 45. Ra7 Ke8 46. Ra8+ Ke7 47. c7 Kd7 48. c8Q+ Rxc8 49. Rxa3 Rf8+ 50. Ke4 Rg8 51. Kd4 Rg5 52. Ra7+ Kc6 53. Ra6+ Kd7 54. Ra3 Kc6 1/2-1/2

[Event "Reykjavik op 22nd"]
[Site "Reykjavik"]
[Date "2006.03.09"]
[Round "4"]
[White "Trifunovic, Dusan"]
[Black "Olafsson, Thorvadur F"]
[Result "0-1"]
[WhiteElo "2012"]
[BlackElo "2132"]
[PlyCount "62"]
[EventDate "2006.03.06"]
[EventType "swiss"]
[EventRounds "9"]
[EventCountry "ISL"]
[SourceTitle "CBM 111 Extra"]
[Source "ChessBase"]
[SourceDate "2006.05.09"]
[SourceVersion "1"]
[SourceVersionDate "2006.05.09"]
[SourceQuality "1"]

1. e4 e5 2. d4 exd4 3. Qxd4 Nc6 4. Qe3 Nf6 5. Nc3 Bb4 6. Bd2 0-0 7. 0-0-0 Re8 8. Bc4 d6 9. f3 Na5 10. Qd3 Nd7 11. Qf1 Nxc4 12. Qxc4 Bc5 13. h4 Ne5 14. Qf1 Be6 15. f4 Bc4 16. Qe1 Ng4 17. Nh3 b5 18. Qg3 h5 19. Rde1 b4 20. Nd5 Bxd5 21. exd5 Qf6 22. Rhf1 Bd4 23. c3 bxc3 24. Bxc3 Bxc3 25. bxc3 Qf5 26. Kb2 Rab8+ 27. Ka1 Qc2 28. Rxe8+ Rxe8 29. c4 Qxc4 30. Rd1 Ne3 31. Qe1 Nc2+ 0-1

[Event "Reykjavik op 22nd"]
[Site "Reykjavik"]
[Date "2006.03.07"]
[Round "2"]
[White "Trifunovic, Dusan"]
[Black "Moskow, Eric"]
[Result "0-1"]
[WhiteElo "2012"]
[BlackElo "2248"]
[PlyCount "128"]
[EventDate "2006.03.06"]
[EventType "swiss"]
[EventRounds "9"]
[EventCountry "ISL"]
[SourceTitle "CBM 111 Extra"]
[Source "ChessBase"]
[SourceDate "2006.05.09"]
[SourceVersion "1"]
[SourceVersionDate "2006.05.09"]
[SourceQuality "1"]

1. e4 c5 2. c3 Nf6 3. e5 Nd5 4. d4 cxd4 5. Qxd4 e6 6. Nf3 Nc6 7. Qe4 f5 8. exf6 Nxf6 9. Qc2 b6 10. Bd3 Bb7 11. 0-0 Qc7 12. Bg5 0-0-0 13. Bh4 Bd6 14. Bg3 Bxg3 15. fxg3 Ng4 16. Qe2 Nce5 17. Ba6 Bxa6 18. Qxa6+ Kb8 19. Na3 Qb7 20. Qxb7+ Kxb7 21. h3 Nxf3+ 22. gxf3 Ne5 23. Rad1 g5 24. Kg2 Rhf8 25. b3 Kc6 26. Nc2 a6 27. Nd4+ Kc7 28. Rh1 Ng6 29. c4 h5 30. Rhe1 h4 31. g4 Nf4+ 32. Kh2 Ng6 33. Re3 Rf6 34. Ne2 Rdf8 35. Kg2 R8f7 36. Rdd3 d6 37. Rc3 e5 38. Rc1 e4 39. Rf1 Ne5 40. Nd4 exf3+ 41. Nxf3 a5 42. Nxe5 Rxf1 43. Nxf7 Rxf7 44. Re6 Rf4 45. Rg6 Rd4 46. Rxg5 Rd2+ 47. Kf3 Rxa2 48. Rh5 Rb2 49. Rxh4 Rxb3+ 50. Kf4 a4 51. Rh7+ Kc6 52. g5 a3 53. g6 Rb2 54. Ra7 a2 55. h4 Rc2 56. Kf5 Rxc4 57. h5 Rc5+ 58. Ke6 Ra5 59. Rxa5 bxa5 60. g7 a1Q 61. h6 Qe5+ 62. Kf7 Qh5+ 63. Ke7 Qg6 64. Kf8 Qxh6 0-1

[Event "Wch Seniors 15th"]
[Site "Lignano Sabbiadoro"]
[Date "2005.10.09"]
[Round "11"]
[White "Bue, Gunnar"]
[Black "Trifunovic, Dusan"]
[Result "0-1"]
[WhiteElo "1901"]
[BlackElo "2019"]
[PlyCount "74"]
[EventDate "2005.09.28"]
[EventType "swiss"]
[EventRounds "11"]
[EventCountry "ITA"]
[SourceTitle "CBM 108 Extra"]
[Source "ChessBase"]
[SourceDate "2005.11.04"]
[SourceVersion "1"]
[SourceVersionDate "2005.11.04"]
[SourceQuality "1"]

1. d4 d5 2. c4 e5 3. dxe5 dxc4 4. Qxd8+ Kxd8 5. e3 Nc6 6. Bxc4 Nxe5 7. Be2 Nf6 8. Nf3 Nxf3+ 9. Bxf3 c6 10. Nc3 Bb4 11. Bd2 Bg4 12. Bxg4 Nxg4 13. a3 Ba5 14. b4 Bc7 15. Ne4 a5 16. Bc3 Be5 17. 0-0-0+ Kc7 18. Bxe5+ Nxe5 19. Kb2 axb4 20. axb4 Ra4 21. Rd4 b5 22. Nc3 Ra7 23. Ra1 Nc4+ 24. Kb1 Rxa1+ 25. Kxa1 g6 26. Ne4 Ra8+ 27. Kb1 Ra4 28. Rxc4 bxc4 29. Ng5 Rxb4+ 30. Kc2 Ra4 31. Kc3 Ra2 32. Nh3 Ra4 33. Ng5 Ra2 34. Nh3 Kd6 35. Kxc4 f5 36. Ng5 Rxf2 37. Nxh7 Rxg2 0-1

[Event "Wch Seniors 15th"]
[Site "Lignano Sabbiadoro"]
[Date "2005.10.04"]
[Round "7"]
[White "Khazankin, Moisey"]
[Black "Trifunovic, Dusan"]
[Result "1-0"]
[WhiteElo "2139"]
[BlackElo "2019"]
[PlyCount "57"]
[EventDate "2005.09.28"]
[EventType "swiss"]
[EventRounds "11"]
[EventCountry "ITA"]
[SourceTitle "CBM 108 Extra"]
[Source "ChessBase"]
[SourceDate "2005.11.04"]
[SourceVersion "1"]
[SourceVersionDate "2005.11.04"]
[SourceQuality "1"]

1. e4 e5 2. Nf3 Nc6 3. Bb5 Nd4 4. Nxd4 exd4 5. 0-0 Bc5 6. d3 Ne7 7. c3 0-0 8. Nd2 c6 9. Ba4 Bb6 10. Nf3 dxc3 11. bxc3 d5 12. Ba3 dxe4 13. dxe4 Qxd1 14. Raxd1 Re8 15. Nd4 Ng6 16. Rfe1 a6 17. Bd6 Ba5 18. Re3 Ne5 19. Bb3 Bg4 20. f3 Bc8 21. h3 Ng6 22. c4 Bd8 23. c5 Ba5 24. f4 Nf8 25. f5 g6 26. Rf1 Kg7 27. fxg6 fxg6 28. Rf7+ Kh8 29. Bxf8 1-0

[Event "Wch Seniors 15th"]
[Site "Lignano Sabbiadoro"]
[Date "2005.10.01"]
[Round "4"]
[White "Trifunovic, Dusan"]
[Black "Wagner, Carl E"]
[Result "0-1"]
[WhiteElo "2019"]
[BlackElo "2189"]
[PlyCount "86"]
[EventDate "2005.09.28"]
[EventType "swiss"]
[EventRounds "11"]
[EventCountry "ITA"]
[SourceTitle "CBM 108 Extra"]
[Source "ChessBase"]
[SourceDate "2005.11.04"]
[SourceVersion "1"]
[SourceVersionDate "2005.11.04"]
[SourceQuality "1"]

1. e4 c5 2. c3 Nf6 3. d3 Nc6 4. g3 d5 5. Qe2 e6 6. Bg2 Be7 7. Bg5 0-0 8. Nd2 b6 9. Ngf3 dxe4 10. dxe4 a5 11. Bxf6 Bxf6 12. e5 Be7 13. h4 Ba6 14. Qe4 Qd3 15. Qxd3 Bxd3 16. Ng5 Rac8 17. f4 Rfd8 18. 0-0-0 a4 19. Be4 h6 20. Bxc6 Rxc6 21. Nge4 c4 22. a3 b5 23. Rhe1 Rc7 24. Nf3 Rd5 25. h5 Rcd7 26. Nd4 f6 27. exf6 gxf6 28. g4 Kf7 29. Nf2 e5 30. fxe5 fxe5 31. Nxd3 Bg5+ 32. Kb1 cxd3 33. Nc6 Bf4 34. Nb4 R5d6 35. Re4 Kf6 36. c4 bxc4 37. Rxc4 Kg5 38. Na2 Rd4 39. Rxd4 Rxd4 40. Nc3 e4 41. Nxe4+ Rxe4 42. Rxd3 Kxg4 43. Rd5 Bg5 0-1

[Event "Wch Seniors 15th"]
[Site "Lignano Sabbiadoro"]
[Date "2005.09.30"]
[Round "3"]
[White "Blaushtain, Boris"]
[Black "Trifunovic, Dusan"]
[Result "0-1"]
[WhiteElo "2170"]
[BlackElo "2019"]
[PlyCount "50"]
[EventDate "2005.09.28"]
[EventType "swiss"]
[EventRounds "11"]
[EventCountry "ITA"]
[SourceTitle "CBM 108 Extra"]
[Source "ChessBase"]
[SourceDate "2005.11.04"]
[SourceVersion "1"]
[SourceVersionDate "2005.11.04"]
[SourceQuality "1"]

1. c4 Nc6 2. Nc3 e6 3. d4 d5 4. e3 Nf6 5. Nf3 Ne7 6. Bd3 c6 7. 0-0 b6 8. e4 dxe4 9. Nxe4 Ng6 10. Nxf6+ gxf6 11. Be4 Qc7 12. Be3 f5 13. Bc2 Bg7 14. Rc1 Bb7 15. Re1 0-0-0 16. Bg5 Rd7 17. Qe2 h6 18. Bd2 Rg8 19. b4 Bxd4 20. Bxh6 c5 21. Nxd4 Rxd4 22. Be3 Rh4 23. f4 Nxf4 24. Bxf4 Rxf4 25. g3 Qc6 0-1

[Event "Belgrade Ada op"]
[Site "Belgrade"]
[Date "2005.08.17"]
[Round "3"]
[White "Brkic, Djordje"]
[Black "Trifunovic, Dusan"]
[Result "1-0"]
[WhiteElo "2276"]
[BlackElo "2019"]
[PlyCount "25"]
[EventDate "2005.08.15"]
[EventType "swiss"]
[EventRounds "9"]
[EventCountry "YUG"]
[SourceTitle "CBM 107 Extra"]
[Source "ChessBase"]
[SourceDate "2005.09.01"]
[SourceVersion "1"]
[SourceVersionDate "2005.09.01"]
[SourceQuality "1"]

1. c4 Nf6 2. Nc3 Nc6 3. Nf3 d5 4. cxd5 Nxd5 5. Qa4 e6 6. Ne5 Nxc3 7. dxc3 Bd7 8. Nxd7 Qxd7 9. g3 Nd8 10. Qc2 Qc6 11. e4 e5 12. a4 Ne6 13. Bb5 1-0

[Event "Wch Seniors 14th"]
[Site "Halle"]
[Date "2004.10.28"]
[Round "5"]
[White "Kock, Hans Uwe"]
[Black "Trifunovic, Dusan"]
[Result "1/2-1/2"]
[WhiteElo "2153"]
[BlackElo "2020"]
[PlyCount "45"]
[EventDate "2004.10.24"]
[EventType "swiss"]
[EventRounds "11"]
[EventCountry "GER"]
[SourceTitle "EXT 2005"]
[Source "ChessBase"]
[SourceDate "2004.11.15"]
[SourceVersion "1"]
[SourceVersionDate "2004.11.15"]
[SourceQuality "1"]

1. d4 d5 2. Nf3 Nc6 3. c3 Bg4 4. Nbd2 e6 5. Qc2 Bd6 6. e4 dxe4 7. Nxe4 Nce7 8. Bd3 Nf6 9. Nxd6+ Qxd6 10. Ne5 Bf5 11. 0-0 Bxd3 12. Qxd3 0-0 13. Bg5 Nfd5 14. c4 Nb4 15. Bxe7 Qxe7 16. Qc3 c6 17. Rfe1 Rac8 18. a3 Na6 19. Qf3 Rfd8 20. Rad1 Nc7 21. Qh5 f6 22. Nf3 Qf7 23. Qc5 1/2-1/2

[Event "Wch Seniors 14th"]
[Site "Halle"]
[Date "2004.10.25"]
[Round "2"]
[White "Trifunovic, Dusan"]
[Black "Klein, Manfred"]
[Result "0-1"]
[WhiteElo "2020"]
[BlackElo "2266"]
[PlyCount "52"]
[EventDate "2004.10.24"]
[EventType "swiss"]
[EventRounds "11"]
[EventCountry "GER"]
[SourceTitle "EXT 2005"]
[Source "ChessBase"]
[SourceDate "2004.11.15"]
[SourceVersion "1"]
[SourceVersionDate "2004.11.15"]
[SourceQuality "1"]

1. e4 c5 2. c3 g6 3. Nf3 Bg7 4. Na3 Nc6 5. d3 Nf6 6. Nc2 0-0 7. Bg5 d6 8. Qd2 Re8 9. h4 h5 10. Be2 Rb8 11. Ne3 Be6 12. Nh2 d5 13. Bxf6 exf6 14. f3 Bh6 15. exd5 Bxd5 16. Nhf1 Qd6 17. Kf2 Kh7 18. Re1 Re7 19. Qc2 Rbe8 20. Bd1 Ne5 21. Re2 Bc6 22. d4 cxd4 23. cxd4 Qxd4 24. Qc3 Qxc3 25. bxc3 Nd3+ 26. Kg3 Bxe3 0-1

[Event "Wch Seniors 14th"]
[Site "Halle"]
[Date "2004.10.24"]
[Round "1"]
[White "Berg, Gerd"]
[Black "Trifunovic, Dusan"]
[Result "1/2-1/2"]
[WhiteElo "1901"]
[BlackElo "2020"]
[PlyCount "137"]
[EventDate "2004.10.24"]
[EventType "swiss"]
[EventRounds "11"]
[EventCountry "GER"]
[SourceTitle "EXT 2005"]
[Source "ChessBase"]
[SourceDate "2004.11.15"]
[SourceVersion "1"]
[SourceVersionDate "2004.11.15"]
[SourceQuality "1"]

1. c4 Nc6 2. Nf3 e5 3. e4 Nf6 4. Be2 Nxe4 5. d3 Bb4+ 6. Nbd2 Nxd2 7. Bxd2 Bxd2+ 8. Qxd2 Qe7 9. 0-0 0-0 10. Rfe1 Qc5 11. a3 Nd4 12. b4 Qd6 13. Bd1 f6 14. Rb1 c6 15. Nxd4 Qxd4 16. Re4 Qb6 17. c5 Qc7 18. Rh4 d5 19. cxd6 Qxd6 20. d4 g5 21. Rh5 Bf5 22. Bc2 Bg6 23. Bxg6 hxg6 24. Qa2+ Qd5 25. Qxd5+ cxd5 26. Rh3 e4 27. Rc1 Rac8 28. Rhc3 Rxc3 29. Rxc3 Rf7 30. Rc8+ Kg7 31. Rd8 Rc7 32. h3 Kf7 33. Rxd5 Ke6 34. Rd8 Rd7 35. Re8+ Re7 36. Rd8 f5 37. d5+ Ke5 38. d6 Rg7 39. Kf1 Ke6 40. Ke2 Rd7 41. Rg8 Kf6 42. Rf8+ Kg7 43. Rc8 Kf6 44. Rf8+ Ke5 45. Rg8 Rxd6 46. Rg7 Ra6 47. Rxb7 Rxa3 48. Rg7 Ra2+ 49. Ke1 Kf6 50. Rc7 Ra4 51. b5 f4 52. Rc6+ Kg7 53. Rc8 Ra5 54. Rb8 Kf6 55. b6 axb6 56. Rxb6+ Kf5 57. g4+ Ke5 58. Rxg6 Kd4 59. Rd6+ Rd5 60. Ra6 Rb5 61. Rd6+ Ke5 62. Rg6 Rb1+ 63. Kd2 Rb2+ 64. Ke1 Rb1+ 65. Kd2 f3 66. Rxg5+ Kd4 67. Ra5 Rb2+ 68. Ke1 Rb1+ 69. Kd2 1/2-1/2

[Event "Vienna op 14th"]
[Site "Vienna"]
[Date "2003.08.18"]
[Round "3"]
[White "Trifunovic, Dusan"]
[Black "Koster, Wim"]
[Result "0-1"]
[WhiteElo "2045"]
[BlackElo "2236"]
[PlyCount "76"]
[EventDate "2003.08.16"]
[EventType "swiss"]
[EventRounds "9"]
[EventCountry "AUT"]
[SourceTitle "CBM 095 Extra"]
[Source "ChessBase"]
[SourceDate "2003.09.04"]
[SourceVersion "1"]
[SourceVersionDate "2003.09.04"]
[SourceQuality "1"]

1. e4 e5 2. d4 exd4 3. Qxd4 Nc6 4. Qe3 g6 5. Bd2 Bg7 6. Bc3 Nf6 7. Bb5 0-0 8. Bxc6 dxc6 9. Ne2 Re8 10. f3 Be6 11. Nd2 Qe7 12. 0-0 c5 13. Ng3 b5 14. Bxf6 Bxf6 15. c3 c4 16. f4 Rad8 17. Nf3 c5 18. Rad1 Bg7 19. Rxd8 Rxd8 20. Kf2 b4 21. f5 Bc8 22. fxg6 hxg6 23. e5 Bg4 24. Re1 Bxf3 25. gxf3 Rd5 26. f4 Bh6 27. Ne4 Bg7 28. cxb4 cxb4 29. Ng5 Rd3 30. Qe4 Qc5+ 31. Kf1 Rd2 32. Qa8+ Bf8 33. Ne4 Qd4 34. Nxd2 Qxd2 35. Qf3 c3 36. bxc3 bxc3 37. e6 fxe6 38. Rxe6 c2 0-1

[Event "Vienna op 14th"]
[Site "Vienna"]
[Date "2003.08.16"]
[Round "1"]
[White "Hofbauer, Martin"]
[Black "Trifunovic, Dusan"]
[Result "1-0"]
[WhiteElo "2269"]
[BlackElo "2045"]
[PlyCount "73"]
[EventDate "2003.08.16"]
[EventType "swiss"]
[EventRounds "9"]
[EventCountry "AUT"]
[SourceTitle "CBM 095 Extra"]
[Source "ChessBase"]
[SourceDate "2003.09.04"]
[SourceVersion "1"]
[SourceVersionDate "2003.09.04"]
[SourceQuality "1"]

1. e4 e5 2. Nf3 Nc6 3. Bb5 Nd4 4. Nxd4 exd4 5. 0-0 Bc5 6. c4 Qh4 7. d3 c6 8. Ba4 d6 9. a3 f5 10. b4 Bb6 11. Ra2 fxe4 12. dxe4 Be6 13. Bb3 0-0-0 14. Nd2 Nf6 15. Nf3 Qh5 16. Nxd4 Bd7 17. Qxh5 Nxh5 18. Nf5 Bxf5 19. exf5 Rde8 20. c5 dxc5 21. Bf7 Nf6 22. Bxe8 Rxe8 23. Be3 Re5 24. bxc5 Bxc5 25. Bxc5 Rxc5 26. Re2 Kd7 27. Rd1+ Nd5 28. g3 b5 29. Re4 a5 30. Rg4 Rc3 31. Rxg7+ Ke8 32. Rd4 Rxa3 33. Rh4 Nf6 34. Rh6 Kf8 35. Rb7 b4 36. Rxf6+ Ke8 37. Rxc6 1-0

[Event "Belgrade Spring op"]
[Site "Belgrade"]
[Date "2003.03.28"]
[Round "4"]
[White "Djurdjevic, Petar S"]
[Black "Trifunovic, Dusan"]
[Result "1-0"]
[WhiteElo "2075"]
[BlackElo "1982"]
[PlyCount "51"]
[EventDate "2003.03.25"]
[EventType "swiss"]
[EventRounds "9"]
[EventCountry "YUG"]
[SourceTitle "CBM 093 Extra"]
[Source "ChessBase"]
[SourceDate "2003.05.09"]
[SourceVersion "1"]
[SourceVersionDate "2003.05.09"]
[SourceQuality "1"]

1. d4 d5 2. c4 e5 3. dxe5 dxc4 4. Qxd8+ Kxd8 5. Nc3 c6 6. a4 Nd7 7. Nf3 Bb4 8. e3 b5 9. Bd2 Bxc3 10. Bxc3 a6 11. axb5 cxb5 12. Nd4 Bb7 13. e6 Ndf6 14. exf7 Nh6 15. Ne6+ Kd7 16. f8Q Rhxf8 17. Nxf8+ Rxf8 18. f3 Nd5 19. Bxg7 Re8 20. Bxh6 Re6 21. e4 Rxh6 22. exd5 Bxd5 23. Kf2 Rb6 24. Be2 Kc6 25. Rhc1 Kc5 26. b3 1-0

[Event "Wch Seniors 13th"]
[Site "Bad Zwischenahn"]
[Date "2003.??.??"]
[Round "?"]
[White "Delander, Adolf"]
[Black "Trifunovic, Dusan"]
[Result "1/2-1/2"]
[WhiteElo "2005"]
[BlackElo "1865"]
[PlyCount "26"]
[EventDate "2003.11.16"]
[EventType "swiss"]
[EventRounds "11"]
[EventCountry "GER"]
[SourceTitle "CBM 097 Extra"]
[Source "ChessBase"]
[SourceDate "2004.01.13"]
[SourceVersion "1"]
[SourceVersionDate "2004.01.13"]
[SourceQuality "1"]

1. d4 d5 2. Nf3 Nc6 3. Bf4 Bg4 4. e3 e6 5. Be2 Bd6 6. Bxd6 cxd6 7. 0-0 Nf6 8. Nbd2 0-0 9. c4 dxc4 10. Nxc4 d5 11. Nce5 Nxe5 12. Nxe5 Bxe2 13. Qxe2 Nd7 1/2-1/2